| 000 | 00570nam a2200217Ia 4500 | ||
|---|---|---|---|
| 005 | 20230717102841.0 | ||
| 008 | 131103s9999 xx 000 0 und d | ||
| 020 | _a704311402 | ||
| 040 | _aLoreto College | ||
| 041 | _aEnglish | ||
| 082 |
_a973.9 _bWOO |
||
| 100 | _aWoodward,Bob | ||
| 245 |
_aAll the President's Men _cBob Woodward and Carl Bernstein |
||
| 260 |
_aLondon _bQuartet _c1974 |
||
| 300 |
_a349 p. _b ill. |
||
| 504 | _aIncludes index | ||
| 650 | _aUnited States - History,20th century | ||
| 700 | _aBernstein,Carl | ||
| 850 | _aLCLIB | ||
| 942 | _cBK | ||
| 999 |
_c7977 _d58456 |
||